Cities by letter-D - Statistics

General Stats
  • This quiz has been taken 27 times
  • The average score is 30 of 50
Answer Stats
Hint City % Correct
7) Texas city home to the Cowboys,Mavericks and Stars Dallas
100%
29) This Tanzanian city translates toHouse of Peace Dar Es Salaam
100%
5) Delaware city that shares a namewith the white cliff city in England Dover
100%
1) Nicknamed the Mile High city Denver
96%
50) Aka the Motor City Detroit
96%
14) Capital of Ireland Dublin
96%
13) Virginia city that shares a name withthe capital of Syria Damascus
92%
4) Ohio city known as the birthplaceof aviation Dayton
92%
6) The famous nascar race is heldin this Florida city every year Daytona
92%
36) Capital of India Delhi
92%
2) Capital of Iowa Des Moines
92%
15) French city or a type of mustard Dijon
92%
33) Home to the Burj Khalifa Dubai
92%
34) Capital of Qatar Doha
88%
20) Northern France city where a majorAllied evacuation took place during WW2 Dunkirk
88%
28) Capital of Senegal Dakar
84%
43) Largest city in Australias' Northern Territory Darwin
84%
38) Capital of Bangladesh Dhaka
84%
16) German city firebombed by Alliedforces in WW2 Dresden
84%
31) Coastal city in the KwaZulu Natal provinceof South Africa Durban
76%
30) Smaller than the above, capital ofTanzania Dodoma
72%
18) Capital of the North Rhine Westphaliaregion of Germany Dusseldorf
68%
40) Capital of East Timor Dili
64%
23) Historic Croatian city known for its Old Town and Medieval walls Dubrovnik
64%
3) Minnesota port city on LakeSuperior Duluth
64%
32) Economic capital of Cameroon Douala
56%
44) City on the island of Mindanao in the Philippines Davao
52%
17) Dutch name for The Hague Den Haag
52%
41) Capital of Bali in Indonesia Denpasar
52%
48) City in far eastern Ukraine on the Kalmius river Donetsk
52%
39) Central Vietnam city known for its beaches Da Nang
48%
9) Iowa city on the Mississippi river Davenport
48%
45) 4th largest city in South Korea, known for itscuisine and culture Daegu
44%
24) Ancient Greek city on the slopes of MtParnassus, home to the Temple of Apollo Delphi
44%
8) Home to the University of North Texas,a suburb of the above Denton
44%
19) Capital of the Isle of Man Douglas
44%
11) CT city once known as the hat makingcapital of the US Danbury
40%
27) Historic capital of the Northern GreatPlain region and Hungarys' 2nd largest city Debrecen
40%
35) Saudi Arabian city near the entrance to Bahrain Dammam
36%
26) Ancient Albanian port city on theAdriatic Sea Durres
36%
49) Historic city in SE Latvia Daugavpils
28%
21) Known as the birthplace of the Britishindustrial revolution Derby
28%
10) Male name or a town on Cape Cod inMassachusetts Dennis
24%
12) Florida panhandle city known for itsbeaches Destin
24%
37) Translates to Monday in its language Dushanbe
20%
46) Egyptian city on the Sinai coast Dahab
8%
25) Historic Dutch city in the Overijssel province Deventer
8%
22) Capital of the North Brabant provinceof the Netherlands on the Maas river Den Bosch
4%
47) Port city on the Malacca strait in Sumatra Dumai
4%
42) Resort town on Turkeys Aegean coast Didim
0%
No matching quizzes found
Score Distribution
Percent of People with Each Score
Percentile by Number Answered
Your Score History
You have not taken this quiz